|
|
|
|
| LEADER |
00000nam0a2200000 4500 |
| 001 |
42493 |
| 005 |
20231101210743.0 |
| 010 |
|
|
|a 5699005064
|
| 035 |
|
|
|a (RuTPU)RU\TPU\book\43757
|
| 090 |
|
|
|a 42493
|
| 100 |
|
|
|a 20020905d2002 m y0rusy50 ca
|
| 101 |
0 |
|
|a rus
|
| 102 |
|
|
|a RU
|
| 105 |
|
|
|a y z 000ay
|
| 200 |
1 |
|
|a Сюжет существования
|e Повесть, рассказы
|f Ф. А. Искандер
|
| 210 |
|
|
|a Москва
|c Эксмо
|c Подкова
|d 2002
|
| 215 |
|
|
|a 448 с.
|c ил.
|
| 225 |
1 |
|
|a Современная проза
|
| 610 |
1 |
|
|a проза
|
| 610 |
1 |
|
|a повести
|
| 610 |
1 |
|
|a рассказы
|
| 675 |
|
|
|a Р2
|v 3
|
| 700 |
|
1 |
|a Искандер
|b Ф. А.
|c российский писатель
|f 1929-
|g Фазиль Абдулович
|2 stltpush
|3 (RuTPU)RU\TPU\pers\15432
|9 5344
|
| 801 |
|
1 |
|a RU
|b 63413507
|c 20020905
|g PSBO
|
| 801 |
|
2 |
|a RU
|b 63413507
|c 20140227
|g PSBO
|
| 942 |
|
|
|c BK
|